[Event "Int ch-SVK OpenA"]
[Site "Banska Stiavnica SVK"]
[Date "2010.07.18"]
[Round "9"]
[White "Pagerka,M"]
[Black "Mazur,S"]
[Result "1-0"]
[WhiteElo "2215"]
[BlackElo "2419"]

1.Nf3 d5 2.c4 d4 3.b4 f6 4.Bb2 e5 5.Qb3 a5 6.a3 c5 7.bxc5 Nc6 8.e3 Bxc5 9.exd4 exd4
10.d3 Nge7 11.Nbd2 a4 12.Qa2 f5 13.g3 Ng6 14.Bg2 Qe7+ 15.Kd1 O-O 16.Re1 Qd6
17.Ng5 Nd8 18.f4 h6 19.Bd5+ Kh8 20.Ngf3 Nc6 21.Rb1 Qf6 22.Qa1 Rd8 23.Bxc6 Qxc6
24.Nxd4 Qd6 25.N2f3 b5 26.Ne5 Nxe5 27.fxe5 Qb6 28.Nxb5 Rxd3+ 29.Kc2 Rd8 30.e6 Bxe6
31.Bxg7+ Kh7 32.Nd4 Bxd4 33.Rxb6 Bxa1 34.Bxa1 Bxc4 35.Re7+ Kg8 36.Rg7+ Kf8
37.Bc3 Rac8 38.Rbb7 Bd3+ 39.Kb2 Rb8 40.Bb4+  1-0

[Event "Maria Albulet Mem"]
[Site "Braila ROU"]
[Date "2010.07.18"]
[Round "5"]
[White "Sgircea,S"]
[Black "Dragomirescu,An"]
[Result "1/2-1/2"]
[WhiteElo "2199"]
[BlackElo "2215"]

1.Nf3 d5 2.c4 c6 3.e3 Nf6 4.Nc3 a6 5.b3 Bg4 6.Be2 Nbd7 7.d4 e6 8.O-O b5 9.Bb2 Be7
10.Rc1 O-O 11.h3 Bh5 12.Ne5 Bxe2 13.Nxe2 Nxe5 14.dxe5 Nd7 15.Rc2 bxc4 16.bxc4 Nb6
17.cxd5 cxd5 18.Nd4 Qd7 19.Nc6 Rfc8 20.Nxe7+ Qxe7 21.Bd4 Nc4  1/2-1/2

[Event "ZDMI Open"]
[Site "Dresden GER"]
[Date "2010.07.18"]
[Round "9"]
[White "Koelsch,M"]
[Black "Bannink,B"]
[Result "1/2-1/2"]
[WhiteElo "2178"]
[BlackElo "2270"]

1.Nf3 d5 2.c4 c6 3.g3 Nf6 4.Bg2 Bf5 5.O-O e6 6.b3 Nbd7 7.Bb2 Bd6 8.d3 O-O
9.Re1 Bc5 10.Nbd2 Bg6 11.a3 a5 12.h3 b5 13.d4 Be7 14.Nh4 a4 15.Nxg6 hxg6
16.e4 axb3 17.cxb5 cxb5 18.e5 Ne8 19.Qxb3 Qa5 20.Qd3 Nb6 21.Bc3 Qa4 22.Bf3 Nc4
23.Bd1 Qa6 24.Nxc4 dxc4 25.Qd2 Qc6 26.Bb4 Bxb4 27.Qxb4 Nc7 28.Rb1 Rfd8 29.Qc3 Nd5
30.Qc1 Rdb8 31.Bf3 Ra5 32.Qb2 Rba8 33.Re3 Qa6 34.Bxd5 exd5 35.Kg2 Qc6 36.Rf3 g5
37.Re1 Qe6 38.Ree3 R8a6 39.Qb4 Ra7 40.g4 Qe7 41.Qd6 Qxd6 42.exd6 f6 43.Rf5 b4
44.axb4 Rb5 45.Re8+ Kf7 46.Rc8 Rd7 47.Rc5 Rxb4 48.Rfxd5 Ke6 49.Rf5 Kxd6 50.Rfd5+ Ke7
51.Rxd7+ Kxd7 52.Kf3 Rb3+ 53.Ke4 Rxh3 54.Rxc4 g6 55.Ra4 f5+ 56.gxf5 gxf5+
57.Kxf5 Rf3+ 58.Kxg5 Rxf2 59.Ra6  1/2-1/2

[Event "I Open"]
[Site "Girona ESP"]
[Date "2010.07.18"]
[Round "6"]
[White "Valle,Lu"]
[Black "Salgado Allaria,C"]
[Result "1/2-1/2"]
[WhiteElo "2285"]
[BlackElo "2325"]

1.Nf3 d5 2.c4 e6 3.e3 Nf6 4.b3 Bd6 5.Bb2 Nbd7 6.Nc3 c6 7.d4 O-O 8.Qc2 Re8
9.cxd5 exd5 10.Bd3 Qe7 11.Nd2 Nf8 12.O-O Ng4 13.Nf3 Nf6 14.Nd2 Ng4 15.Nf3 Nf6  1/2-1/2

[Event "XIV Battle Of Senta"]
[Site "Senta SRB"]
[Date "2010.07.18"]
[Round "2"]
[White "Joo,J"]
[Black "Guzsvany,A"]
[Result "0-1"]
[WhiteElo "2051"]
[BlackElo "2147"]

1.Nf3 d5 2.c4 c6 3.b3 Nf6 4.Bb2 Bf5 5.g3 e6 6.Bg2 Nbd7 7.O-O h6 8.d3 Bc5
9.Nbd2 O-O 10.Rc1 Qe7 11.Qc2 Ba3 12.Bxa3 Qxa3 13.e4 dxe4 14.dxe4 Bh7 15.Rfe1 Nc5
16.Nb1 Qa5 17.Nc3 Rfd8 18.Ne5 Ne8 19.Re3 f6 20.Nd3 Nxd3 21.Rxd3 Rxd3 22.Qxd3 Rd8
23.Qe2 Rd4 24.Qe3 e5 25.Bf1 Nc7 26.c5 Kh8 27.Bc4 Qa3 28.Ne2 Rxe4 29.Qd2 Nd5
30.Kh1 Qxc5 31.Bd3 Qxf2  0-1

[Event "XIV Battle Of Senta"]
[Site "Senta SRB"]
[Date "2010.07.18"]
[Round "3"]
[White "Joo,J"]
[Black "Csikos,M"]
[Result "1-0"]
[WhiteElo "2051"]
[BlackElo "2129"]

1.Nf3 d5 2.c4 e6 3.g3 c6 4.b3 Be7 5.Bb2 Bf6 6.d4 Ne7 7.Bg2 O-O 8.O-O b6 9.Nbd2 g6
10.e4 Bg7 11.e5 Nf5 12.h4 h5 13.Ng5 Bh6 14.Ndf3 Ba6 15.Rc1 Nd7 16.Re1 Re8
17.Rc2 Rc8 18.Bh3 Nf8 19.Bc1 Nh7 20.Bxf5 Bxg5 21.Bxg6 fxg6 22.Nxg5 dxc4 23.bxc4 Qd7
24.Ne4 Re7 25.Nd6 Rc7 26.Bh6 c5 27.d5 exd5 28.cxd5 Qh3 29.Qf3 Rcd7 30.Rcc1 Rd8
31.Qa3 Bc8 32.Nxc8 Rxc8 33.Qb3 Qf5 34.e6 Rd8 35.Rcd1 Nf6 36.d6 Ng4 37.Bf4  1-0

[Event "XIX ch-Macedonia Open"]
[Site "Struga MKD"]
[Date "2010.07.18"]
[Round "1"]
[White "Skrceski,G"]
[Black "Pavlic, Petra"]
[Result "1-0"]
[WhiteElo "2215"]
[BlackElo "1508"]

1.Nf3 d5 2.c4 dxc4 3.a4 Nc6 4.e4 e5 5.Bxc4 Nf6 6.d3 Bc5 7.Be3 Bb6 8.O-O O-O
9.Nbd2 Bg4 10.h3 Bh5 11.Re1 Qe7 12.g4 Bg6 13.Bb5 Na5 14.b4 Qxb4 15.Nxe5 a6
16.Bxb6 cxb6 17.Bc4 Rad8 18.Rb1 Qc5 19.Nxg6 hxg6 20.Nb3 Nxb3 21.Qxb3 Nd7
22.Red1 Rc8 23.Bd5 Rc7 24.d4 Qe7 25.e5 Kh7 26.Rbc1 Rxc1 27.Rxc1 f6 28.e6 Nb8
29.Qxb6 Qa3 30.Qc5 Qb2 31.Qxf8 Qxc1+ 32.Kg2 Nc6 33.e7 Nxe7 34.Qxe7 b5 35.axb5 axb5
36.Be4 Qf4 37.d5 b4 38.d6 f5 39.gxf5 gxf5 40.Bb1 b3 41.d7 b2 42.d8=Q Kg6
43.Qe6+ Kh5 44.Qf7+ g6 45.Qh7+  1-0

[Event "Lake Sevan GM"]
[Site "Martuni ARM"]
[Date "2010.07.19"]
[Round "9"]
[White "Ponkratov,P"]
[Black "Ter Sahakyan,S"]
[Result "0-1"]
[WhiteElo "2604"]
[BlackElo "2525"]

1.Nf3 d5 2.c4 c6 3.e3 Nf6 4.Nc3 e6 5.Qc2 Bd6 6.b3 b6 7.g4 Nxg4 8.Rg1 f5 9.cxd5 cxd5
10.Nb5 O-O 11.Bb2 Ba6 12.h3 Nf6 13.Nbd4 Qe7 14.Ng5 Bc8 15.Bd3 Bc5 16.Bxf5 exf5
17.Nxf5 Bxf5 18.Qxf5 d4 19.Ne6 Rf7 20.b4 Bxb4 21.Bxd4 Nbd7 22.Ng5 Re8 23.Nxf7 Qxf7
24.Kd1 Kh8 25.f3 Rd8 26.Ke2 Nf8 27.Rac1 Ne6 28.Bc3 Be7 29.Ba1 Nc5 30.Rc2 Qe8
31.Qf4 Qd7 32.Kd1 Qxh3 33.d4 Nd5 34.Qf7 Bf6 35.Re2 Qxf3 36.Rxg7 Nxe3+ 37.Kc1 Qf1+
38.Kd2 Bxg7  0-1

[Event "XIV Battle Of Senta"]
[Site "Senta SRB"]
[Date "2010.07.19"]
[Round "4"]
[White "Szabados,K"]
[Black "Dimitrijevic,R"]
[Result "0-1"]
[WhiteElo "2100"]
[BlackElo "2211"]

1.Nf3 d5 2.c4 e6 3.g3 c5 4.Bg2 Nc6 5.O-O Nf6 6.d4 Be7 7.dxc5 Bxc5 8.cxd5 Nxd5
9.Nc3 Nxc3 10.bxc3 O-O 11.Qc2 h6 12.Rb1 e5 13.Rb5 Qe7 14.Rd1 a6 15.Rb1 Be6
16.a4 Rad8 17.Rxd8 Rxd8 18.h4 Qd7 19.Bb2 Bf5 20.e4 Bg4 21.Re1 Bxf3 22.Bxf3 Qh3
23.Bg2 Qxg3 24.Ba3 Ba7 25.Rb1 Rd7  0-1

[Event "25th Touraine Open"]
[Site "Avoine FRA"]
[Date "2010.07.20"]
[Round "4"]
[White "Valette,C"]
[Black "Baroudel,H"]
[Result "1-0"]
[WhiteElo "2088"]
[BlackElo "1852"]

1.Nf3 d5 2.c4 d4 3.g3 Nc6 4.Bg2 e5 5.d3 g6 6.O-O Bg7 7.e3 Nge7 8.exd4 exd4
9.Re1 O-O 10.a3 a5 11.b3 Re8 12.Ra2 Bf5 13.Nh4 Be6 14.Nd2 Qd7 15.Ne4 b6 16.Bg5 Bh3
17.Bh1 Bg4 18.Qc1 Nf5 19.f3 Nxh4 20.fxg4 Qxg4 21.Bxh4 Ne5 22.Qd1 Qxd1 23.Rxd1 Rad8  1-0

[Event "15th Open"]
[Site "Balaguer ESP"]
[Date "2010.07.22"]
[Round "4"]
[White "Burmakin,V"]
[Black "Anikaev,Y"]
[Result "1/2-1/2"]
[WhiteElo "2605"]
[BlackElo "2411"]

1.Nf3 d5 2.c4 e6 3.g3 dxc4 4.Qa4+ Nd7 5.Bg2 a6 6.Qxc4 b5 7.Qc2 Bb7 8.a4 Ngf6
9.O-O c5 10.Nc3 Bc6 11.Ne1 Bxg2 12.Nxg2 Rb8 13.d3 Bd6 14.axb5 axb5 15.Ra6 Be5
16.Bf4 O-O 17.Rfa1 Qc8 18.Qc1 h6 19.Bxe5 Nxe5 20.Qe3 Ned7 21.Qf4 c4 22.dxc4 Qxc4
23.Ne3 Qxf4 24.gxf4 Rfc8 25.f5 b4 26.Ncd1 exf5 27.Nxf5 Rc5 28.Nde3 Kh7 29.R6a5 Rc6
30.Rd1 Rc7 31.Kg2 Nf8 32.Nd4 Ng6 33.Rb5 Rxb5 34.Nxb5 Rc5 35.Nd6 Ne5 36.h3 g5
37.Rd4 Nc6 38.Rd2 Kg6 39.Ndc4 Nh5 40.Rd6+ f6 41.Kf3 Nf4 42.h4 Nh3 43.hxg5 hxg5
44.Kg2 Nf4+ 45.Kf1 Na5 46.Nxa5 Rxa5 47.Ke1 Rb5 48.Ng4 Nh5 49.Kd2 Kf7 50.e4 Ke7
51.Rc6 f5 52.exf5 Rxf5 53.Rc4 Rb5 54.Ne3 Nf4 55.Rc6 Kd7 56.Rh6 Kc7 57.Rf6 Rc5
58.Ra6  1/2-1/2

[Event "3rd Open"]
[Site "Paleochora GRE"]
[Date "2010.07.22"]
[Round "1"]
[White "D'Costa,L"]
[Black "Bellos,E"]
[Result "1-0"]
[WhiteElo "2456"]
[BlackElo "1560"]

1.Nf3 d5 2.c4 d4 3.b4 e6 4.Bb2 Bxb4 5.Nxd4 Qd7 6.Nc2 Bf8 7.d4 Be7 8.e4 e5
9.d5 Bd6 10.Bd3 b6 11.O-O Ne7 12.f4 Ng6 13.f5 Nf4 14.Kh1 O-O 15.Rxf4 exf4
16.e5 Bxe5 17.Bxe5 f6 18.Bxf4 b5 19.Nd4 bxc4 20.Bxc4 Ba6 21.Bb3 Re8 22.d6+ Bc4
23.Bxc4+ Kh8 24.Be6  1-0

[Event "21st Czech Rapid Open"]
[Site "Pardubice CZE"]
[Date "2010.07.22"]
[Round "8"]
[White "Stocek,J"]
[Black "Ivanov,MM"]
[Result "1-0"]
[WhiteElo "2587"]
[BlackElo "2486"]

1.Nf3 d5 2.c4 dxc4 3.Na3 a6 4.Nxc4 b5 5.Ne3 Bb7 6.g3 c5 7.Bg2 e6 8.O-O Nf6
9.a4 Nbd7 10.d3 Be7 11.Bd2 O-O 12.Qb1 Qb6 13.b4 Nd5 14.Nxd5 Bxd5 15.Be3 Qb7
16.bxc5 Bxc5 17.Bxc5 Nxc5 18.axb5 axb5 19.Rxa8 Rxa8 20.e4 Ba2 21.Qc2 Nxd3
22.Qxd3 Bc4 23.Qb1 Bxf1 24.Bxf1 b4 25.Bc4 Rc8 26.Nd2 Qb6 27.Kg2 h6 28.h4 Qc5
29.Qd3 Qe5 30.Bb3 Qc3 31.Qd7 Qc6 32.Qxc6 Rxc6 33.Nc4 Ra6 34.Kf3 Ra1 35.Ke2 g5
36.hxg5 hxg5 37.Ne3 Ra3 38.Bc4 Kf8 39.Kd2 Ke7 40.Nc2 Rf3 41.Nxb4 Rxf2+ 42.Ke3 Rb2
43.Nd3 Rc2 44.Bb3 Rc3 45.Bd1 f5 46.Kd4 Rc8 47.Ke5 fxe4 48.Kxe4 Rd8 49.Bb3 Kf6
50.Nc5 Rd6 51.g4 Rc6 52.Nd7+ Ke7 53.Ne5 Rb6 54.Bc4 Rb1 55.Be2 Rb4+ 56.Ke3 Kf6
57.Nd7+ Ke7 58.Nc5 Kf6 59.Ne4+ Kg6 60.Bd1 Rc4 61.Bb3 Rc6 62.Ba4 Ra6 63.Be8+ Kh6
64.Kd4 Ra1 65.Bf7 Ra4+ 66.Ke5 Ra5+ 67.Kxe6 Ra6+ 68.Ke5 Ra5+ 69.Kf6 Ra4 70.Bd5 Ra5
71.Be6 Ra4 72.Nd6 Ra6 73.Nf7+ Kh7 74.Nxg5+  1-0

[Event "3rd Open"]
[Site "Paleochora GRE"]
[Date "2010.07.23"]
[Round "3"]
[White "Banikas,H"]
[Black "Bensdorp,M"]
[Result "1-0"]
[WhiteElo "2591"]
[BlackElo "2301"]

1.Nf3 d5 2.c4 e6 3.d4 Nf6 4.Nc3 Be7 5.Bg5 h6 6.Bh4 O-O 7.Qc2 c5 8.dxc5 dxc4
9.e3 Qa5 10.Bxc4 Qxc5 11.Be2 Nc6 12.Rc1 Qa5 13.O-O a6 14.Rfd1 Rd8 15.Nd2 Nb4
16.Qb1 b5 17.Bf3 Ra7 18.a3 Nbd5 19.Nb3 Qb6 20.Bxd5 Nxd5 21.Nxd5 exd5 22.Bxe7 Rxe7
23.Nd4 Bd7 24.Qc2 Ree8 25.Qc7 Qxc7 26.Rxc7 Bg4 27.Rdc1 Rc8 28.f3 Rxc7 29.Rxc7 Bc8
30.Kf2 Kf8 31.Ke2 Be6 32.Kd2 Ra8 33.Kc3 Ke8 34.Nxe6 fxe6 35.Rxg7 Rc8+ 36.Kd2 Rc6
37.Rg6  1-0

[Event "21st Czech GM Open"]
[Site "Pardubice CZE"]
[Date "2010.07.23"]
[Round "1"]
[White "Jaracz,P"]
[Black "Wiley,To"]
[Result "1-0"]
[WhiteElo "2541"]
[BlackElo "2295"]

1.Nf3 d5 2.c4 dxc4 3.Qa4+ Nd7 4.Qxc4 Ngf6 5.g3 a6 6.Bg2 b5 7.Qb3 Rb8 8.O-O Bb7
9.d3 e6 10.Qc2 c5 11.a4 Be7 12.Bf4 Rc8 13.axb5 axb5 14.Na3 Bc6 15.Qb3 Qb6
16.Ne5 Bxg2 17.Kxg2 Nxe5 18.Bxe5 b4 19.Qa4+ Nd7 20.Nc4 Qb7+ 21.e4 O-O 22.Na5 Qa7
23.Nc6 Qxa4 24.Nxe7+ Kh8 25.Rxa4  1-0

[Event "MTO"]
[Site "Biel SUI"]
[Date "2010.07.24"]
[Round "6"]
[White "Roiz,M"]
[Black "Mikhalevski,V"]
[Result "1/2-1/2"]
[WhiteElo "2645"]
[BlackElo "2610"]

1.Nf3 d5 2.c4 c6 3.e3 Nf6 4.d4 g6 5.Nc3 Bg7 6.Bd3 O-O 7.O-O dxc4 8.Bxc4 Nd5
9.h3 Nxc3 10.bxc3 c5 11.Ba3 Nd7 12.Qe2  1/2-1/2

[Event "ch-AUT"]
[Site "Vienna AUT"]
[Date "2010.07.24"]
[Round "1"]
[White "Ager,J"]
[Black "Kindermann,S"]
[Result "1/2-1/2"]
[WhiteElo "2213"]
[BlackElo "2530"]

1.Nf3 d5 2.c4 c6 3.g3 Bg4 4.Bg2 e6 5.Qb3 Qb6 6.Qxb6 axb6 7.d3 Nf6 8.O-O Nbd7
9.b3 Bd6 10.Bb2 O-O 11.Nc3 Ba3 12.Bxa3 Rxa3 13.Nd4 Raa8 14.h3 Bh5 15.g4 Bg6
16.f4 dxc4 17.bxc4 e5 18.Nxc6 bxc6 19.f5 Rfc8 20.fxg6 hxg6 21.a4 Nc5 22.Rfb1 Nfd7
23.Ra3 Kf8 24.Rba1 Ra5 25.Na2 Na6 26.Nc1 Nb4 27.Rb1 c5 28.Nb3 Ra7 29.Raa1 Nc2
30.Ra2 Nb4 31.Raa1 Nc2  1/2-1/2

[Event "6th WSCC U17"]
[Site "Kayseri TUR"]
[Date "2010.07.26"]
[Round "6"]
[White "Bolat,A"]
[Black "Sipahioglu,I"]
[Result "0-1"]
[WhiteElo "2016"]
[BlackElo "2059"]

1.Nf3 d5 2.c4 c6 3.d4 e6 4.Nc3 f5 5.Qb3 Bd6 6.g3 Nf6 7.Bf4 Bxf4 8.gxf4 Nbd7
9.e3 b6 10.Rc1 Bb7 11.Rg1 O-O 12.cxd5 exd5 13.Bd3 Ne4 14.Nxe4 fxe4 15.Bxe4 Qe7
16.Ne5 Nxe5 17.dxe5 Kh8 18.Bb1 c5 19.Rg5 Qe6 20.Qd1 g6 21.Qg4 Qxg4 22.Rxg4 Rad8
23.h4 d4 24.Rg3 Bc8 25.Rg5 Be6 26.h5 d3 27.Kd2 gxh5 28.Rxh5 Rd7 29.Rg1 c4
30.f3 b5 31.Rgg5 b4 32.Rh1 a5 33.Rg6 c3+ 34.bxc3 bxc3+ 35.Kxc3 d2 36.Rgg1 Rc8+
37.Kb2 Bd5 38.e4 Bc4 39.f5 Be2 40.e6 d1=Q 41.Rxd1 Rxd1 42.Rxd1 Bxd1 43.f6 Bxf3
44.e7 Kg8 45.e5 Bh5 46.Bf5 Rb8+ 47.Kc3 Kf7 48.Bxh7 Ke6 49.Kd4 Rb4+  0-1

[Event "21st Czech GM Open"]
[Site "Pardubice CZE"]
[Date "2010.07.26"]
[Round "4"]
[White "Cvek,R"]
[Black "Shemeakin,A"]
[Result "1/2-1/2"]
[WhiteElo "2473"]
[BlackElo "2281"]

1.Nf3 d5 2.c4 c6 3.e3 Nf6 4.d4 Bf5 5.Nc3 e6 6.Nh4 Bg6 7.Qb3 Qb6 8.Nxg6 hxg6
9.Bd2 Nbd7 10.Be2 Be7 11.O-O-O O-O-O 12.Kb1 Kb8 13.h4 Qxb3 14.axb3 Rh7 15.g3 Ne4
16.Nxe4 dxe4 17.f4 exf3 18.Bxf3 g5 19.hxg5 Rxh1 20.Rxh1 Bxg5 21.Kc2 c5 22.Rh5 Be7
23.Bc3 Nf6 24.Rh1 b6 25.g4 Ne8 26.Rh7 cxd4 27.Bxd4 Bc5 28.Bxc5 bxc5 29.Bc6 Kc7
30.Bxe8 Rxe8 31.Rxg7 Re7 32.g5 Kd6 33.b4 cxb4 34.Kb3 a5 35.Ka4 Rc7 36.b3 Rc5
37.Rxf7 Rxg5 38.Ra7 Re5 39.Ra6+ Kc7 40.Rxa5 Rxe3 41.Kxb4 e5 42.Ra7+ Kc6 43.Rh7 e4
44.Rh6+ Kd7 45.Rh4 Kc6 46.c5 Re1 47.Rh6+ Kc7 48.Kb5 e3 49.Re6 e2 50.b4 Kd7
51.Re3 Kc7 52.Re4 Kd7 53.Rd4+ Kc8 54.Rd2 Kc7 55.Ra2 Kb8 56.c6 Kc7 57.Ra7+ Kd8
58.Rd7+ Kc8 59.Re7 Kd8 60.c7+ Kc8 61.Kb6 Rc1 62.Re8+ Kd7 63.Rxe2 Rc6+ 64.Ka5 Kxc7
65.b5 Rh6 66.Rg2 Kb7 67.Rg7+ Kb8 68.Rg8+ Kb7 69.Rg7+ Kb8 70.Rg8+  1/2-1/2

[Event "21st Czech GM Open"]
[Site "Pardubice CZE"]
[Date "2010.07.27"]
[Round "5"]
[White "Pribyl,Jo"]
[Black "Gavrilov,Al1"]
[Result "1-0"]
[WhiteElo "2325"]
[BlackElo "2493"]

1.Nf3 d5 2.c4 d4 3.e3 Nc6 4.b4 dxe3 5.fxe3 Nxb4 6.d4 e6 7.Nc3 Nc6 8.Be2 Bb4
9.Qb3 Nf6 10.O-O O-O 11.Bb2 Qe7 12.Rad1 b6 13.a3 Bxc3 14.Qxc3 Ba6 15.Bd3 Na5
16.e4 Nd7 17.e5 f6 18.exf6 Rxf6 19.Qc2 h6 20.Rde1 Raf8 21.Qe2 Re8 22.Kh1 Bb7
23.d5 e5 24.Qe4 Nf8 25.Nxe5 Rxf1+ 26.Rxf1 Qd6 27.h3 Nb3 28.Rxf8+ Kxf8 29.Qf3+ Ke7
30.Bg6 Rf8 31.Qxb3 Rf1+ 32.Kh2 Qc5 33.Qb4 Qxb4 34.axb4 a5 35.bxa5 bxa5 36.Nd3 Ba6
37.c5 Rd1 38.Nf4 a4 39.Ba3 Kf6 40.Be8 Kf5 41.Ne6 Rxd5 42.Nxc7 Rd3 43.g4+ Kf6
44.Bb2+ Ke7 45.Bxa4 Rd2+ 46.Kg3 Rxb2 47.Nxa6 Ra2 48.Bb5 Ra5 49.Bf1 Ra1 50.Kf2 Rc1
51.Bg2 Rc2+ 52.Kg3 Rc3+ 53.Kf4 g5+ 54.Kf5 Rg3 55.Bb7 Rxh3 56.c6 Rf3+ 57.Ke5 Re3+
58.Kd4 Rg3 59.c7 Rxg4+ 60.Kd5  1-0

[Event "Brunei Inv IM"]
[Site "Bandar Seri Begawan BRU"]
[Date "2010.07.28"]
[Round "6"]
[White "Nguyen Van Huy"]
[Black "Yee Soon Wei"]
[Result "1/2-1/2"]
[WhiteElo "2426"]
[BlackElo "2260"]

1.Nf3 d5 2.c4 c6 3.e3 Nf6 4.Nc3 e6 5.b3 Nbd7 6.Qc2 Bd6 7.Bb2 b6 8.Be2 Bb7
9.O-O O-O 10.d4 Qe7 11.Rfe1 Rad8 12.e4 dxe4 13.Nxe4 Nxe4 14.Qxe4 f5 15.Qc2 c5
16.d5  1/2-1/2

[Event "ch-AUT"]
[Site "Vienna AUT"]
[Date "2010.07.28"]
[Round "5"]
[White "Ganaus,H"]
[Black "Wagner,Stef AUT"]
[Result "1/2-1/2"]
[WhiteElo "2288"]
[BlackElo "2159"]

1.Nf3 d5 2.c4 c6 3.e3 Nf6 4.Nc3 g6 5.d4 Bg7 6.h3 O-O 7.Bd3 Nbd7 8.O-O Re8
9.cxd5 Nxd5 10.Nxd5 cxd5 11.Qb3 Nf6 12.Bd2 Qb6 13.Qxb6 axb6 14.Rfc1 Bd7 15.Ne5 Rec8
16.Nxd7 Nxd7 17.Rxc8+ Rxc8 18.Rc1 Rxc1+ 19.Bxc1 Nb8 20.Kf1 e6 21.Ke2 Kf8
22.Kd2 Ke7 23.Kc3 Kd7 24.Kb3 Bf8 25.Ka4 Bd6 26.g4 Nc6 27.Bd2 Kc7 28.Kb3 h6
29.a3 g5 30.Kc2 f6 31.Bf1 Ne7 32.Bd3 Kd7 33.Kd1 Nc6 34.Ke2 Ke7 35.Kf1 Kf7
36.Kg2 Kg7 37.h4 Kf7 38.h5 Kg7 39.Kf1 Kf7 40.Ke1 Ke7 41.Kd1 Kd7 42.Kc2 Kc7
43.Be2 Ne7 44.f4 Nc6 45.fxg5 fxg5 46.Bf3 Bf8 47.Bc3 Bg7 48.Kd3 Kd6 49.e4 Bf8
50.a4 Bg7 51.exd5 exd5 52.Bd1 Ke6 53.b4 Bf8 54.b5 Na5 55.Ke2 Bg7 56.Bc2 Bf8
57.Bf5+ Kf6 58.Bc8 Bd6 59.Kd3 Ke7 60.Be1 Kf6 61.Bd2 Kf7 62.Kc2 Kf6 63.Bxa5 bxa5
64.Bxb7 Ke6 65.b6 Bb8 66.Kd3 Kd6  1/2-1/2

[Event "Tch-POR 1st Div Final"]
[Site "Vila Nova de Gaia POR"]
[Date "2010.07.28"]
[Round "3"]
[White "Hoffman,A"]
[Black "Hammes,M"]
[Result "1/2-1/2"]
[WhiteElo "2445"]
[BlackElo "2388"]

1.Nf3 d5 2.c4 e6 3.d4 Nf6 4.Nc3 Be7 5.e3 O-O 6.a3 b6 7.Bd3 Bb7 8.cxd5 exd5
9.Qc2 c5 10.O-O Nbd7 11.Rd1 a6 12.b3 Bd6 13.Bb2 Qe7 14.dxc5 bxc5 15.Ne2 Rfe8
16.Ng3 g6 17.Qc3 d4 18.exd4 Bxf3 19.gxf3 cxd4 20.Qa5 Ne5 21.Be2 d3 22.Rxd3 Nxd3
23.Bxd3 Nd7  1/2-1/2

[Event "Tch-POR 1st Div Final"]
[Site "Vila Nova de Gaia POR"]
[Date "2010.07.28"]
[Round "5.1"]
[White "Hoffman,A"]
[Black "Hammes,M"]
[Result "1/2-1/2"]
[WhiteElo "2445"]
[BlackElo "2388"]

1.Nf3 d5 2.c4 e6 3.d4 Nf6 4.Nc3 Be7 5.e3 O-O 6.a3 b6 7.Bd3 Bb7 8.cxd5 exd5
9.Qc2 c5 10.O-O Nbd7 11.Rd1 a6 12.b3 Bd6 13.Bb2 Qe7 14.dxc5 bxc5 15.Ne2 Rfe8
16.Ng3 g6 17.Qc3 d4 18.exd4 Bxf3 19.gxf3 cxd4 20.Qa5 Ne5 21.Be2 d3 22.Rxd3 Nxd3
23.Bxd3 Nd7 24.Rd1 Be5 25.Be4 Rad8 26.Bxe5 Qxe5 27.Rd5 Qf6 28.Kg2 Nf8 29.b4 Ne6
30.Ne2 Rxd5 31.Qxd5 Qb2 32.Qc6 Rd8 33.Qxa6 Rd2 34.Qc8+ Nf8 35.Nf4 Rxf2+ 36.Kg3 Rxh2
37.Nd5 Rh1 38.Kf4 Qd2+ 39.Ke5 Kg7 40.Qc3 Qxc3+ 41.Nxc3 Ne6 42.a4 h5 43.a5 h4
44.a6 Ra1 45.b5 h3 46.f4 h2 47.Kd6 Nd4 48.Kc5 f5 49.Bd5 Nb3+ 50.Kb4 Nd4 51.Kc5 Ne6+
52.Kb6 Nxf4 53.Bb7 g5 54.a7 g4 55.a8=Q Rxa8 56.Bxa8 g3 57.Nd1 g2 58.Bxg2 Nxg2
59.Nf2 Ne1 60.Kc6 Nd3 61.Nh1 Ne5+ 62.Kd5 Kf6 63.b6 Nd7 64.b7 Nb8 65.Kd6 Na6
66.Kd5  1/2-1/2

[Event "Tch-POR 1st Div Final"]
[Site "Vila Nova de Gaia POR"]
[Date "2010.07.28"]
[Round "5.7"]
[White "Saatdjian,T"]
[Black "Marques,R"]
[Result "1/2-1/2"]
[WhiteElo "2369"]
[BlackElo "2155"]

1.Nf3 d5 2.c4 dxc4 3.Qa4+ Nd7 4.g3 a6 5.Qxc4 b5 6.Qc2 Bb7 7.Bg2 e6 8.O-O Ngf6
9.d3 Be7 10.a4 O-O 11.Nc3 b4 12.Nd1 a5 13.Ne3 Nd5 14.Nxd5 Bxd5 15.e4 Bb7
16.Be3 c5 17.Rfd1 Rc8 18.Nd2 Ne5 19.Nc4 Nxc4 20.Qxc4 Bf6 21.Bxc5 Bxb2 22.Rab1 Bf6
23.d4 Be7 24.Rbc1 Bxc5 25.dxc5 Qc7 26.Rd2 Bc6 27.Qb3 Bb7 28.Qc4 Bc6 29.Qb3 Bb7  1/2-1/2

[Event "3rd Open"]
[Site "Paleochora GRE"]
[Date "2010.07.29"]
[Round "9"]
[White "Georgiadis,I"]
[Black "Zinchenko,Ya"]
[Result "1/2-1/2"]
[WhiteElo "2457"]
[BlackElo "2544"]

1.Nf3 d5 2.c4 e6 3.g3 dxc4 4.Qa4+ Nd7 5.Bg2 a6 6.Qxc4 b5 7.Qc2 Bb7 8.O-O Ngf6
9.b3 c5 10.Bb2 Be7 11.d3 O-O 12.Nbd2 Rc8 13.Rac1 Nd5 14.Rfd1 Bf6 15.Ne4 Bxb2
16.Qxb2 Qe7 17.Ne5 Nxe5 18.Qxe5 Rfd8 19.a3 f6 20.Qb2 f5 21.Nd2 e5 22.e4 Nf6
23.exf5 Bxg2 24.Kxg2 Rxd3 25.Nf1 e4 26.Ne3 Rcd8 27.Qc2 Nd5 28.Nf1 Rc3 29.Qb2 Rf3
30.Rd2 Rxf5 31.Rcd1 Qf7 32.Re1 Re8 33.Ne3 Nxe3+ 34.Rxe3 Rf3 35.Rde2 Qd5 36.Qc2 Ref8
37.Rd2 Qe6 38.Rxe4 Rc3 39.Qxc3 Qxe4+ 40.f3 Qc6 41.Re2 Rc8 42.Re7 Qf6 43.Qe3 h6
44.f4 Kf8 45.Re5 c4 46.bxc4 Qc6+ 47.Qe4 bxc4 48.Qxc6 Rxc6 49.Re2 Kf7 50.Kf3 Rb6
51.Rc2 Rb3+ 52.Ke4 c3 53.a4 Ra3 54.Kd3 Rxa4 55.Rxc3 Ra2 56.h3 Rh2 57.h4 Rb2
58.Rc7+ Kf6 59.g4 a5 60.g5+ hxg5 61.fxg5+ Kg6 62.h5+ Kxg5 63.Rxg7+ Kxh5 64.Ra7  1/2-1/2

[Event "21st Czech GM Open"]
[Site "Pardubice CZE"]
[Date "2010.07.29"]
[Round "7"]
[White "Cioara,A"]
[Black "Berzina,I"]
[Result "1-0"]
[WhiteElo "2427"]
[BlackElo "2267"]

1.Nf3 d5 2.c4 c6 3.g3 Nf6 4.Bg2 Bg4 5.Ne5 Bf5 6.cxd5 cxd5 7.Nc3 e6 8.Qa4+ Nfd7
9.d4 Be7 10.O-O O-O 11.Rd1 Nb6 12.Qb3 f6 13.Nd3 Nc6 14.e3 Rc8 15.Nc5 Na5
16.Qb5 Nbc4 17.Nxb7 Nxb7 18.Qxb7 Rb8 19.Qa6 Rb6 20.Qa4 Rb4 21.Qa6 Rb6 22.Qa4 Rb4
23.Qxa7 Rf7 24.e4 Bg4 25.exd5 Bd6 26.Qa6 e5 27.a3 Bc8 28.Qc6 Na5 29.axb4 Nxc6
30.dxc6 exd4 31.Rxd4 Qe7 32.Be3 Be6 33.Nd5 Qf8 34.b5 Be5 35.Rda4 Qd6 36.Ra8+ Rf8
37.c7 Bc8 38.b6 Bxb2 39.Rxc8 Bxa1 40.Rxf8+ Qxf8 41.b7  1-0

[Event "21st Czech GM Open"]
[Site "Pardubice CZE"]
[Date "2010.07.29"]
[Round "7"]
[White "Radovanovic,J"]
[Black "Vaibhav,S"]
[Result "0-1"]
[WhiteElo "2329"]
[BlackElo "2419"]

1.Nf3 d5 2.c4 e6 3.g3 Nf6 4.Bg2 dxc4 5.O-O a6 6.Qc2 b5 7.a4 Bb7 8.axb5 axb5
9.Rxa8 Bxa8 10.b3 cxb3 11.Qxb3 b4 12.Bb2 Bd6 13.Qa4+ Bc6 14.Qc2 h6 15.Re1 O-O
16.e4 Be7 17.d4 Bb7 18.Nbd2 Nbd7 19.e5 Nd5 20.Ne4 Qb8 21.Nfd2 N5b6 22.f4 Rc8
23.f5 exf5 24.Nc5 Nxc5 25.dxc5 Bxg2 26.e6 f6 27.Kxg2 Qa8+ 28.Nf3 Qc6 29.Qxf5 Na4
30.Bc1 Qe8 31.Be3 Rd8 32.Qg4 Kh8 33.Qxb4 Rb8 34.Qc4 Rb2+ 35.Kg1 Nxc5 36.Bd4 Rb5
37.Nh4 Nb3 38.Bf2 Rb4 39.Qxc7 Nd2 40.Qxe7 Nf3+ 41.Kf1 Qb5+ 42.Kg2 Nxe1+ 43.Bxe1 Qe2+
44.Bf2 Qe4+ 45.Nf3 Rb3 46.Qd8+ Kh7 47.Qd1 Rd3 48.Qb1 Qxf3+  0-1

[Event "XXXVI Open"]
[Site "Sitges ESP"]
[Date "2010.07.29"]
[Round "8"]
[White "Cruz,F"]
[Black "Beltran Rueda,S"]
[Result "1-0"]
[WhiteElo "2456"]
[BlackElo "2369"]

1.Nf3 d5 2.c4 c6 3.d4 Nf6 4.Nc3 dxc4 5.a4 Bf5 6.e3 e6 7.Bxc4 Bb4 8.O-O Nbd7
9.Qe2 O-O 10.Nh4 Bg6 11.Nxg6 hxg6 12.Rd1 Qe7 13.e4 e5 14.d5 Rfd8 15.dxc6 bxc6
16.Bg5 a5 17.Bh4 Bc5 18.Rd3 Nb6 19.Bb3 Rxd3 20.Qxd3 Bd4 21.Ne2 Rd8 22.Qc2 Qb4
23.Kf1 c5 24.f3 c4 25.Ba2 Qxb2 26.Qxb2 Bxb2 27.Rb1 c3 28.Be1 Nxa4 29.Bb3 Nc5
30.Bc2 Ne6 31.Nxc3 Bxc3 32.Bxc3 Rc8 33.Rb3 Nd4 34.Bxd4 exd4 35.Rb2 Nd7 36.Ke2 Ne5
37.Bb3 g5 38.Ra2 Rc5 39.Ra4 Rb5 40.Ra3 a4 41.Bxa4 Rb2+ 42.Kf1 Nc4 43.Rd3 Ne3+
44.Ke1 Nxg2+ 45.Kd1 Rb4 46.Ra3 Nf4 47.Bb3 Rb7 48.Kc2 Rc7+ 49.Kd2 Rc3 50.Ra8+ Kh7
51.Bxf7 Rxf3 52.e5 Rf2+ 53.Kd1 d3 54.Bc4 d2 55.e6 Nxe6 56.Bxe6 Rxh2 57.Bg4 Rf2
58.Be2 Kg6 59.Kxd2 Rf4 60.Ke3 Rb4 61.Ra6+ Kf7 62.Bh5+ Ke7 63.Rg6 Kf8 64.Re6 g6
65.Rxg6 Rb5 66.Kf3 Ra5 67.Re6 Kg7 68.Kg4 Rc5 69.Bg6 Rc1 70.Bd3 Rg1+ 71.Kf5 g4
72.Re7+ Kf8 73.Kf6 Rg3 74.Bf5 Rg1 75.Rh7 Kg8 76.Rc7 Re1 77.Rc8+ Re8 78.Rxe8+  1-0

[Event "Tch-POR 1st Div Final"]
[Site "Vila Nova de Gaia POR"]
[Date "2010.07.29"]
[Round "6.4"]
[White "Damaso,R"]
[Black "Mirzoev,A"]
[Result "0-1"]
[WhiteElo "2386"]
[BlackElo "2541"]

1.Nf3 d5 2.c4 c6 3.d4 Nf6 4.Nc3 dxc4 5.a4 Bf5 6.e3 e6 7.Bxc4 Bb4 8.O-O O-O
9.Qe2 Ne4 10.Bd3 Bxc3 11.bxc3 Nxc3 12.Qc2 Bxd3 13.Qxd3 Nd5 14.Ba3 Re8 15.e4 Ne7
16.Ne5 Nd7 17.Nc4 Nc8 18.Rab1 Ndb6 19.Ne5 Nd7 20.Nc4 Qc7 21.f4 Ndb6 22.f5 exf5
23.Rxf5 Nxc4 24.Qxc4 Nb6 25.Qd3 Rad8 26.Rbf1 Rd7 27.a5 Nc8 28.a6 Nd6 29.R5f4 Nb5
30.d5 Nxa3 31.Qxa3 cxd5 32.exd5 Qb6+ 33.Kh1 Qxa6  0-1